Nghịch lý của sự lựa chọn tại sao nhiều hơn lại là ít hơn

Bewaard in:
Bibliografische gegevens
Hoofdauteur: Schwartz, Barry
Andere auteurs: Thảo nguyên (dịch)
Formaat: Boek
Gepubliceerd in: Hà Nội Lao động 2016
Onderwerpen:
Tags: Voeg label toe
Geen labels, Wees de eerste die dit record labelt!
Thư viện lưu trữ: Trung tâm Học liệu Lê Vũ Hùng, Trường Đại học Đồng Tháp
LEADER 00812pam a22002418a 4500
001 00040681
005 20180104140122.0
008 161027s2015 ||||||Viesd
020 # # |a 978 604 65 2426 7  |c 89000 
041 0 # |a Vie 
082 1 4 |a 153.8  |b NGH302L 
100 0 # |a Schwartz, Barry 
245 0 0 |b tại sao nhiều hơn lại là ít hơn  |a Nghịch lý của sự lựa chọn  |c Schwartz Barry; Thảo Nguyên (dịch) 
260 # # |b Lao động  |a Hà Nội  |c 2016 
300 # # |a 335 tr.  |c 21 cm 
653 # # |a Cuộc sống 
653 # # |a Nghịch lý 
653 # # |a Quyết định 
653 # # |a tâm lý học 
700 1 # |a Thảo nguyên  |e dịch 
852 # # |j KD.0022926 
910 |d 04/01/2018 
980 # # |a Trung tâm Học liệu Lê Vũ Hùng, Trường Đại học Đồng Tháp